|
|
|
|
| LEADER |
01369nam a2200337 a 4500 |
| 001 |
000012457 |
| 003 |
CZ BrMZK |
| 005 |
20170606091516.0 |
| 007 |
ta |
| 008 |
940113s1994 xr a f cze d |
| 015 |
|
|
|a cnb000084038
|
| 020 |
|
|
|a 80-7027-028-4
|q (brož.)
|
| 035 |
|
|
|a (OCoLC)39587201
|
| 040 |
|
|
|a ABA001
|b cze
|d BOA001
|
| 041 |
0 |
|
|a cze
|b eng
|
| 045 |
|
|
|a x6x8
|
| 080 |
9 |
|
|a 748
|
| 245 |
0 |
4 |
|a X. trienále řezaného a rytého skla :
|b retrospektiva a současnost : katalog výstavy, Brno leden - únor 1994 /
|c [text katalogu] Karel Holešovský, Ludmila Dufková ; koncepce výstavy Jiřina Medková
|
| 246 |
3 |
0 |
|a Trienále řezaného a rytého skla
|
| 260 |
|
|
|a Brno :
|b Moravská galerie,
|c [1994]
|
| 300 |
|
|
|a 23 s. :
|b il. ;
|c 22 cm +
|e text, 1 s.
|
| 500 |
|
|
|a Životopisná data, přehled výstav a zastoupení ve sbírkách
|
| 546 |
|
|
|a Anglické resumé
|
| 653 |
0 |
|
|a české ryté sklo
|a české sklo
|a české řezané sklo
|a čeští skláři
|
| 655 |
|
7 |
|a katalogy výstav
|7 fd132536
|2 czenas
|
| 700 |
1 |
|
|a Dufková, Ľudmila,
|d 1954-
|7 mzk2003200037
|4 aut
|
| 700 |
1 |
|
|a Holešovský, Karel,
|d 1934-2020
|7 jk01041727
|4 aut
|
| 700 |
1 |
|
|a Medková, Jiřina,
|d 1921-2020
|7 jk01081043
|4 wfw
|
| 910 |
|
|
|a BOA001
|b X-0734.514,10
|
| 990 |
|
|
|a BK
|
| 996 |
6 |
|
|b 2610004591
|c X-0734.514,10
|l MZK
|r Sklad / do 24 hodin
|n 2
|p p.v.
|w 000012457
|u 000010
|a 1
|e BOA001
|j MZK50
|s P
|